000 00365nam a22001457a 4500
020 _a978-81-7371-862-5
041 _aENG
100 _aUniversity
245 _aTextbook of Environmental Studies For Undergraduate Courses
250 _aSecond
260 _aTelangana
_bUniversities press (India )
_c2019
300 _a305
650 _aEOES
856 _uComp Exam
999 _c122
_d122